00409nam a2200145Ia 4500008004100000020001800041041000800059082001500067100001600082245007800098260002200176300000800198365001600206700004100222230718s9999 xx 000 0 und d a9780465019359 aeng a303.4bHAG aHagel J.III aPower Of PullbHow Small Moves, Smartly Made Can Set Big Things In Motion c2010bBasic Books a277 cRs.b850.00 aHagel J.III, Brown J.S. & Davison L.